In freedom's shade / (Record no. 9476)

MARC details
000 -LEADER
fixed length control field 01709cam a2200469 a 4500
001 - CONTROL NUMBER
control field 713787016
003 - CONTROL NUMBER IDENTIFIER
control field OCoLC
005 - DATE AND TIME OF LATEST TRANSACTION
control field 20230405121715.0
008 - FIXED-LENGTH DATA ELEMENTS--GENERAL INFORMATION
fixed length control field 110330s2011 ii a b 000 0aeng d
010 ## - LIBRARY OF CONGRESS CONTROL NUMBER
LC control number 2011323107
020 ## - INTERNATIONAL STANDARD BOOK NUMBER
International Standard Book Number 978-0-143-41609-8
Qualifying information (pbk.)
International Standard Book Number 014341609X
Qualifying information (pbk.)
025 ## - OVERSEAS ACQUISITION NUMBER
Overseas acquisition number I-E-2011-323107; 25
035 ## - SYSTEM CONTROL NUMBER
System control number (OCoLC)713787016
037 ## - SOURCE OF ACQUISITION
Source of stock number/acquisition Library of Congress -- New Delhi Overseas Office
040 ## - CATALOGING SOURCE
Original cataloging agency DKAGE
Language of cataloging eng
Transcribing agency DLC
Modifying agency DKAGE
-- NJR
-- CDX
-- IXA
-- OCLCO
-- OCLCF
-- OCLCO
-- OCLCQ
041 1# - LANGUAGE CODE
Language code of text/sound track or separate title eng
Language code of original urd
042 ## - AUTHENTICATION CODE
Authentication code lccopycat
-- lcode
043 ## - GEOGRAPHIC AREA CODE
Geographic area code a-ii---
050 00 - LIBRARY OF CONGRESS CALL NUMBER
Classification number HV40.32.Q26
Item number Q26 2011
082 04 - DEWEY DECIMAL CLASSIFICATION NUMBER
Classification number 303.62
Edition number 22
100 1# - MAIN ENTRY--PERSONAL NAME
Personal name Anis Kidwai
Dates associated with a name 1906-1982
240 10 - UNIFORM TITLE
Uniform title Āzādī kī chāʼoṉ men.
Language of a work English
245 10 - TITLE STATEMENT
Title In freedom's shade /
Statement of responsibility, etc. Anis Kidwai ; translated by Ayesha Kidwai
260 ## - PUBLICATION, DISTRIBUTION, ETC.
Place of publication, distribution, etc. [Bangalore] :
Name of publisher, distributor, etc. New India Foundation ;
Place of publication, distribution, etc. New Delhi :
Name of publisher, distributor, etc. Penguin Books India,
Date of publication, distribution, etc. 2011
300 ## - PHYSICAL DESCRIPTION
Extent xxv, 382 pages :
Other physical details illustrations ;
Dimensions 22 cm
336 ## - CONTENT TYPE
Content type term text
Content type code txt
Source rdacontent
337 ## - MEDIA TYPE
Media type term unmediated
Media type code n
Source rdamedia
338 ## - CARRIER TYPE
Carrier type term volume
Carrier type code nc
Source rdacarrier
500 ## - GENERAL NOTE
General note Translated from Urdu
504 ## - BIBLIOGRAPHY, ETC. NOTE
Bibliography, etc. note Includes bibliographical references (pages 381-382)
520 ## - SUMMARY, ETC.
Summary, etc. Reminiscences of the author, a social worker; chiefly on the communal riots during the partition of India in 1947
600 10 - SUBJECT ADDED ENTRY--PERSONAL NAME
Personal name Qidvāʼī, Anis,
Dates associated with a name 1906-1982
650 #0 - SUBJECT ADDED ENTRY--TOPICAL TERM
Topical term or geographic name entry element Social workers
Geographic subdivision India
Form subdivision Biography
Topical term or geographic name entry element Riots
Geographic subdivision India
-- Delhi
Topical term or geographic name entry element Communalism
Geographic subdivision India
General subdivision History
651 #0 - SUBJECT ADDED ENTRY--GEOGRAPHIC NAME
Geographic name India
General subdivision History
Chronological subdivision Partition, 1947
655 #7 - INDEX TERM--GENRE/FORM
Genre/form data or focus term Biography.
Source of term fast
Authority record control number (OCoLC)fst01423686
Genre/form data or focus term History.
Source of term fast
Authority record control number (OCoLC)fst01411628
942 ## - ADDED ENTRY ELEMENTS (KOHA)
Source of classification or shelving scheme Dewey Decimal Classification
Koha item type Main
Holdings
Withdrawn status Lost status Source of classification or shelving scheme Damaged status Not for loan Collection code Home library Current library Shelving location Date acquired Serial Enumeration / chronology Total Checkouts Total Renewals Full call number Barcode Date last seen Date last checked out Price effective from Koha item type
    Dewey Decimal Classification     Popular Collection RTC Library RTC Library Popular Collection 05/04/2023 177288 1 2 303.62 KID 30018630 07/06/2023 26/04/2023 05/04/2023 Main
Royal Thimphu College || All Right Reserved